1355 1124 1599 1849 1389 1871 1188 1618 1775 1592 1831 1569 1362 1831 1749 1002 1085 1090 1969 1523 1448 1844 1843 1035 1060 1980 1354 1266 1436 1797 1779 1289 1928 1550 1317 1254 1467 1401 1558 1928 1063 1509 1455 1133 1872 1076 1730 1515 1744 1554 1137 1827 1905 1914 1664 1081 1748 1145 1365 1094 1209 1888 1535 1596 1467 1341 1957 1208 1396 1324 1962 1788 1997 1913 1212 1599 1176 1360 1889 1992 1105 1960 1501 1924 1288 1957 1654 1960 1678 1012 1879 1312 1097 1767 1628 1341 1091 1795 1469 BCNSPRNW ULIB Ver.6.0+V

เปลี่ยนเป็นภาษาไทย

Change to English
 แสดงรายละเอียดบรรณานุกรม
  กลับหน้าหลัก

Brief Record : Get Marc (ISO 2709) : E-mail record : QR code < ปิดหน้าต่าง
LEADER : 00000nam 2200000uu 4500
001    13399120677
003     ULIB
008    121004s2550||||th 000 0 tha d
020    ^a9744151684
050 04 ^aBF637^bก151ค
100 0  ^aธนเนตร ฉันทลักษณ์วงค์
245 10 ^aคู่มือการให้การการปรึกษาสำหรับประชาชน /^cบรรณาธิการ ธนเนตร ฉันทลักษณ์วงค์
250    ^aพิมพ์ครั้งที่ 1
260    ^aนนทบุรี :^bสำนักงานส่งเสริมธุรกิจบริการสุขภาพ,^c2550
300    ^a62 หน้า :^bตาราง
504    ^aบรรณานุกรม : หน้า 61
650  2 ^aCounseling
710 20 ^aกระทรวงสาธารณสุข.^bกรมสุขภาพจิต
710 20 ^aสำนักงานส่งเสริมธุรกิจบริการสุขภาพ
945    ^p0^l0^i14466
945    ^p0^l0^i14467
945    ^p0^l0^i14468
945    ^p0^l0^i14469
995    ^aวิภา
999 ^a ใช้งานได้ทุกระบบ
รายการนี้ยังไม่มีแท็ก
คุณยังไม่ได้ล็อกอิน คุณสามารถมีกิจกรรมร่วมกับเว็บไซต์ได้ แต่ต้องล็อกอินก่อน ::
  ล็อกอิน

รายการสื่อสารสนเทศ

ลำดับที่ ประเภท เลขเรียก/บาร์โค้ด สถานที่ สถานะ
1. วิทยาศาสตร์การแพทย์ และสุขภาพ
วิทยาศาสตร์การแพทย์ และสุขภาพ
BF637 ก151ค  
  Barcode: 14466
ห้องสมุดวิทยาเขตสวรรค์ประชารักษ์
►หนังสือทั่วไป
บนชั้น
2. วิทยาศาสตร์การแพทย์ และสุขภาพ
วิทยาศาสตร์การแพทย์ และสุขภาพ
BF637 ก151ค ฉ.2 
  Barcode: 14467
ห้องสมุดวิทยาเขตสวรรค์ประชารักษ์
►หนังสือทั่วไป
บนชั้น
3. วิทยาศาสตร์การแพทย์ และสุขภาพ
วิทยาศาสตร์การแพทย์ และสุขภาพ
BF637 ก151ค ฉ.3 
  Barcode: 14468
ห้องสมุดวิทยาเขตสวรรค์ประชารักษ์
►หนังสือทั่วไป
บนชั้น
4. วิทยาศาสตร์การแพทย์ และสุขภาพ
วิทยาศาสตร์การแพทย์ และสุขภาพ
BF637 ก151ค ฉ.4 
  Barcode: 14469
ห้องสมุดวิทยาเขตสวรรค์ประชารักษ์
►หนังสือทั่วไป
บนชั้น

รายการใกล้เคียง
    ผู้แต่ง [ธนเนตร ฉันทลักษณ์วงค์]

    หัวเรื่อง [Counseling]

BibComment


ยังไม่เคยถูกคอมเมนท์

คอมเมนท์ทรัพยากรรายการนี้
  คอมเมนท์: คู่มือการให้การก..


 Copyright 2026. Bcnsprnw @Library